000 01018nam a2200241Ia 4500
003 OSt
005 20220918110945.0
006 a|||||r|||| 00| 0
007 ta
008 220915b |||||||| |||| 00| 0 hin d
020 _a8170556139 (hbk)
_c4000
024 _a245626
037 _b483, 21/03/2008, Vani Prakashan
_cReference Collections
040 _aARTS
_cARTS
_bhin
041 _2hin
_ahin
082 _aO152,1N26x, N8.1-.9-;1(RR)
100 _aबांदिवडेकर, चन्द्र कान्त, संपा.
_910312
245 0 _aधर्मवीर भारती ग्रन्थावली
246 _aDharmavīr bhāratī granthāvalī
260 _aनई दिल्ली
_bवाणी प्रकाशन भारत
_c1998
942 _hO152,1N26x, N8.1-.9-;1(RR)
_cREF
999 _c115998
_d115998